les pays avec le plus de cavaliers de cso dans le top 100 mondial - Statistiques

Statistiques générales
  • Ce quiz a été pris 59 fois
  • Le résultat moyen est 14 sur 22
Statistiques - réponses
nombre de cavaliers pays % Correct
9 france
100%
12 allemagne
98%
2 espagne
91%
5 grande bretagne
91%
9 etats unis
86%
8 belgique
81%
5 suisse
81%
3 italie
79%
4 pays bas
74%
14 irlande
72%
5 suede
72%
6 bresil
70%
4 canada
67%
3 mexique
56%
2 autriche
53%
1 luxembourg
47%
1 arabie saoudite
37%
1 egypte
30%
2 colombie
23%
2 israel
21%
1 chili
16%
1 lettonie
14%
Aucun quiz correspondant
Distribution des résultats
% des personnes avec chaque résultat
Percentile par nombre de réponses
Votre historique - résultats
Vous n’avez pas pris ce quiz